[Event "Fort Lauderdale Turkey Bowl 21st"]
[Site "Fort Lauderdale"]
[Date "2023.11.11"]
[Round "3"]
[White "Goss, Mel H"]
[Black "Pierrot, Juan Facundo"]
[Result "0-1"]
[WhiteElo "2178"]
[BlackElo "2349"]
[PlyCount "192"]
[EventDate "2023.11.10"]
[EventType "swiss"]
[EventRounds "5"]
[EventCountry "USA"]
[SourceTitle "CB48_2023"]
[SourceDate "2023.11.29"]
[SourceVersion "1"]
[SourceVersionDate "2023.11.29"]
[SourceQuality "1"]

1. d4 Nf6 2. c4 g6 3. Nc3 d5 4. Nf3 Bg7 5. Qb3 dxc4 6. Qxc4 0-0 7. e4 Be6 8. d5 Bc8 9. Be2 c6 10. 0-0 cxd5 11. exd5 Nbd7 12. Rd1 Nb6 13. Qb3 Ne8 14. Be3 Nd6 15. Bd4 Bg4 16. Bxg7 Kxg7 17. Qb4 Bxf3 18. Bxf3 Rc8 19. b3 Nd7 20. Qd4+ Nf6 21. Ne4 Ndxe4 22. Bxe4 Qd6 23. Bf3 a6 24. Rd2 Rc7 25. Rad1 Rfc8 26. Bg4 Rd8 27. g3 Kg8 28. Bf3 Ne8 29. Qe4 Qf6 30. Kg2 Nd6 31. Qd4 Qxd4 32. Rxd4 Rc2 33. R4d2 Rdc8 34. Kf1 Kg7 35. Ke1 g5 36. Be2 Kf6 37. Bd3 Rxd2 38. Kxd2 h6 39. Ke3 Nf5+ 40. Ke2 Rd8 41. Be4 Ke5 42. Bg2 Nd6 43. Kd3 Rc8 44. Re1+ Kf6 45. Kd2 a5 46. Kd3 b5 47. Kd2 b4 48. Kd3 Rc3+ 49. Kd2 a4 50. Re3 axb3 51. axb3 Rc7 52. Rd3 Ke5 53. Re3+ Kd4 54. Rd3+ Kc5 55. Kc2 Nb5 56. Kb2 Kd6 57. Bf1 Na3 58. Rd2 Rc5 59. Bg2 Nb5 60. Bf1 Nc3 61. Bc4 Ra5 62. f3 Ra2+ 63. Kc1 Rxd2 64. Kxd2 Nxd5 65. Kd3 f5 66. Kd4 e5+ 67. Kd3 Nf6 68. Ke3 g4 69. Bf1 Nd5+ 70. Kf2 gxf3 71. Kxf3 e4+ 72. Kf2 Ke5 73. Ba6 Nc7 74. Bc8 Ne6 75. Ba6 Nd4 76. Bc4 f4 77. gxf4+ Kxf4 78. Bd5 e3+ 79. Kf1 h5 80. Bf7 h4 81. Bd5 Nf3 82. h3 Nd4 83. Kg2 Nc2 84. Kf1 Nd4 85. Kg2 Nf5 86. Kf1 Ng3+ 87. Ke1 Ke5 88. Bc4 Kd4 89. Be6 Kc3 90. Bd5 Nh5 91. Be6 Nf4 92. Bg8 Nxh3 93. Ke2 Kd4 94. Kf3 Ng5+ 95. Kg2 h3+ 96. Kg3 h2 0-1

[Event "Space Coast op 23rd"]
[Site "Cocoa Beach"]
[Date "2016.04.24"]
[Round "4"]
[White "Goss, Mel H"]
[Black "Wijesundara, Ravindra"]
[Result "1-0"]
[WhiteElo "2141"]
[BlackElo "2142"]
[PlyCount "71"]
[EventDate "2016.04.22"]
[EventType "swiss"]
[EventRounds "5"]
[EventCountry "USA"]
[SourceTitle "CBM 172 Extra"]
[Source "ChessBase"]
[SourceDate "2016.06.21"]
[SourceVersion "1"]
[SourceVersionDate "2016.06.21"]
[SourceQuality "1"]

1. d4 Nf6 2. c4 e6 3. Nc3 Bb4 4. Qc2 0-0 5. a3 Bxc3+ 6. Qxc3 b6 7. g3 Bb7 8. Nf3 c5 9. Bg2 d5 10. dxc5 Ne4 11. Qc2 bxc5 12. cxd5 exd5 13. Nd2 Nc6 14. Nxe4 Nd4 15. Qc3 dxe4 16. Be3 Qf6 17. Rd1 Rad8 18. Qxc5 Nb3 19. Qc2 Rxd1+ 20. Kxd1 Qe6 21. Ke1 Rc8 22. Qd1 Bd5 23. h4 Na5 24. Bh3 f5 25. g4 Bb3 26. gxf5 Qe5 27. Qd7 Rc7 28. Qd8+ Kf7 29. Kf1 Ba4 30. Bd4 Qf4 31. Qd5+ Ke8 32. Be5 Qc1+ 33. Kg2 Qc4 34. Qxa5 Rc5 35. Qc3 Qd5 36. Qd4 1-0

[Event "Space Coast op 23rd"]
[Site "Cocoa Beach"]
[Date "2016.04.23"]
[Round "3"]
[White "Guo, Arthur"]
[Black "Goss, Mel H"]
[Result "1/2-1/2"]
[WhiteElo "1999"]
[BlackElo "2141"]
[PlyCount "92"]
[EventDate "2016.04.22"]
[EventType "swiss"]
[EventRounds "5"]
[EventCountry "USA"]
[SourceTitle "CBM 172 Extra"]
[Source "ChessBase"]
[SourceDate "2016.06.21"]
[SourceVersion "1"]
[SourceVersionDate "2016.06.21"]
[SourceQuality "1"]

1. e4 e6 2. d4 d5 3. Nd2 c5 4. exd5 exd5 5. Ngf3 Nc6 6. Bb5 Bd6 7. 0-0 Nge7 8. dxc5 Bxc5 9. Nb3 Bd6 10. Be3 Bg4 11. h3 Bh5 12. Be2 0-0 13. Nbd4 Rc8 14. c3 Bb8 15. Qd2 Bg6 16. Bf4 Bxf4 17. Qxf4 Qb6 18. Qd2 a6 19. Rfe1 Rfe8 20. Rad1 Be4 21. Ng5 Bg6 22. Ngf3 h6 23. Nb3 Rcd8 24. Bd3 Be4 25. Nfd4 Bxd3 26. Qxd3 Ng6 27. Nxc6 Qxc6 28. Rxe8+ Qxe8 29. Qe3 Qb5 30. Qd4 Ne7 31. Qc5 Qe2 32. Rd2 Qe1+ 33. Kh2 Nc6 34. Qe3 Qxe3 35. fxe3 Re8 36. Rxd5 Rxe3 37. Rd7 Re2 38. Rxb7 Rxb2 39. Rb6 Na5 40. Rxa6 Nxb3 41. axb3 Rxb3 42. c4 Rc3 43. Rc6 Kf8 44. Rc7 Ke8 45. g3 Rc2+ 46. Kg1 g6 1/2-1/2

[Event "Stamford Eastern op 19th"]
[Site "Stamford"]
[Date "2015.11.07"]
[Round "1"]
[White "Goss, Mel H"]
[Black "Figorito, Nick"]
[Result "1-0"]
[WhiteElo "2251"]
[BlackElo "2032"]
[PlyCount "117"]
[EventDate "2015.11.06"]
[EventType "swiss"]
[EventRounds "5"]
[EventCountry "USA"]
[SourceTitle "EXT 2018"]
[Source "ChessBase"]
[SourceDate "2017.10.13"]
[SourceVersion "1"]
[SourceVersionDate "2017.10.13"]
[SourceQuality "1"]

1. d4 Nf6 2. c4 e5 3. dxe5 Ng4 4. Nf3 Nc6 5. e3 Ngxe5 6. Nxe5 Nxe5 7. Be2 Be7 8. 0-0 0-0 9. Nc3 d6 10. Nd5 Be6 11. Nxe7+ Qxe7 12. b3 f5 13. f4 Nd7 14. Bf3 Nc5 15. Bb2 a5 16. Qd4 Rae8 17. Rae1 Bd7 18. Bd5+ Be6 19. e4 Bxd5 20. exd5 Qf7 21. Ba1 b6 22. g3 Re7 23. Rxe7 Qxe7 24. Bc3 Ne4 25. Qe3 Qf7 26. Re1 Qg6 27. Kg2 h5 28. Bd4 h4 29. Qf3 Re8 30. Re2 hxg3 31. hxg3 Nxg3 32. Rxe8+ Qxe8 33. Kxg3 Qe1+ 34. Qf2 Qb1 35. Qe2 Kf8 36. Kf2 Qh1 37. Be3 Qh4+ 38. Kg1 Qg3+ 39. Kf1 Qh3+ 40. Kg1 Qg3+ 41. Kf1 Qh3+ 42. Ke1 Qh1+ 43. Kd2 Qb1 44. Qd3 Qxa2+ 45. Qc2 Qa3 46. Qxf5+ Kg8 47. Qb1 Qb4+ 48. Kc2 a4 49. Bd4 axb3+ 50. Qxb3 Qe1 51. Qc3 Qe4+ 52. Kb3 b5 53. cxb5 Qb1+ 54. Ka3 Qxb5 55. Qxc7 Qd3+ 56. Bc3 Qg3 57. Qxg7+ Qxg7 58. Bxg7 Kxg7 59. Kb4 1-0

[Event "Sunrise op 11th"]
[Site "Sunrise"]
[Date "2012.11.17"]
[Round "2"]
[White "Aguilar, Luciano"]
[Black "Goss, Mel H"]
[Result "1-0"]
[WhiteElo "2036"]
[BlackElo "2055"]
[PlyCount "89"]
[EventDate "2012.11.17"]
[EventType "swiss"]
[EventRounds "5"]
[EventCountry "USA"]
[SourceTitle "EXT 2014"]
[Source "ChessBase"]
[SourceDate "2013.11.20"]
[SourceVersion "1"]
[SourceVersionDate "2013.11.20"]
[SourceQuality "1"]

1. e4 c5 2. Nf3 e6 3. d4 cxd4 4. Nxd4 Nc6 5. Nb5 d6 6. c4 a6 7. N5c3 Nf6 8. Be2 Be7 9. 0-0 0-0 10. Be3 Qc7 11. f4 Rb8 12. Nd2 Rd8 13. Qb3 b6 14. Rac1 Nd7 15. Qd1 Nc5 16. a3 a5 17. Rf3 Bf6 18. Ndb1 Bb7 19. Rh3 Ne7 20. Bf3 Nc6 21. Kh1 g6 22. Nb5 Qe7 23. N1c3 Bg7 24. Bf2 f6 25. Rb1 Rd7 26. Bg4 f5 27. exf5 exf5 28. Re3 Qf8 29. Bf3 Re8 30. b4 Rxe3 31. Bxe3 axb4 32. axb4 Na6 33. Nd5 Rd8 34. Bxb6 Rc8 35. Nbc7 Nxc7 36. Nxc7 Kh8 37. Ne6 Qe7 38. Nxg7 Kxg7 39. b5 Nd8 40. Bd4+ Kg8 41. Bxb7 Qxb7 42. Qb3 Qe4 43. Ba1 Ne6 44. Qb2 Nxf4 45. Qg7# 1-0

[Event "Fort Lauderdale Solstice op 4th"]
[Site "Fort Lauderdale"]
[Date "2011.07.10"]
[Round "5"]
[White "Goss, Mel H"]
[Black "Xanthos, Constantin"]
[Result "1/2-1/2"]
[WhiteElo "2084"]
[BlackElo "2131"]
[PlyCount "43"]
[EventDate "2011.07.09"]
[EventType "swiss"]
[EventRounds "5"]
[EventCountry "USA"]
[SourceTitle "CBM 143 Extra"]
[Source "ChessBase"]
[SourceDate "2011.08.29"]
[SourceVersion "1"]
[SourceVersionDate "2011.08.29"]
[SourceQuality "1"]

1. d4 f5 2. g3 Nf6 3. Bg2 e6 4. c4 Be7 5. Nc3 0-0 6. Nf3 Qe8 7. 0-0 d6 8. Re1 d5 9. Ne5 c6 10. Qc2 Bb4 11. a3 Ba5 12. b4 Bc7 13. cxd5 exd5 14. Nb5 Bb6 15. Nd6 Qe6 16. Nxc8 Bxd4 17. Bb2 Bxe5 18. Bxe5 Qxe5 19. Qxf5 Qe8 20. Nd6 Qe7 21. Nc8 Qe8 22. Nd6 1/2-1/2

[Event "Fort Lauderdale Solstice op 4th"]
[Site "Fort Lauderdale"]
[Date "2011.07.09"]
[Round "2"]
[White "Perez, Robert M"]
[Black "Goss, Mel H"]
[Result "1/2-1/2"]
[WhiteElo "2210"]
[BlackElo "2084"]
[PlyCount "47"]
[EventDate "2011.07.09"]
[EventType "swiss"]
[EventRounds "5"]
[EventCountry "USA"]
[SourceTitle "CBM 143 Extra"]
[Source "ChessBase"]
[SourceDate "2011.08.29"]
[SourceVersion "1"]
[SourceVersionDate "2011.08.29"]
[SourceQuality "1"]

1. e4 e5 2. Nf3 Nc6 3. Bb5 a6 4. Ba4 Nf6 5. 0-0 Nxe4 6. d4 b5 7. Bb3 d5 8. dxe5 Be6 9. Nbd2 Bc5 10. Nxe4 dxe4 11. Bxe6 fxe6 12. Ng5 Qxd1 13. Rxd1 0-0 14. Nxe4 Bb6 15. Kf1 Rf5 16. f3 Rxe5 17. c3 Rf8 18. Nf2 Rd5 19. Rxd5 exd5 20. Nd3 d4 21. Bd2 Rd8 22. Rd1 dxc3 23. Bxc3 Ne7 24. Ke2 1/2-1/2